Právne nástroje eliminovania extrémizmu v Českej republike

Aktuálne opatrenia proti extrémizmu v Českej republike. Právne nástroje eliminovania extrémizmu so zameraním na trestnoprávne normy a štruktúru a dynamiku trestnej činnosti. Trestné činy extrémizmu a z nenávisti v Českej republike.

Gespeichert in:
Bibliographische Detailangaben
1. Verfasser: Vyrostko, Matúš
Format: Buchkapitel
Sprache:Slowakisch
Schlagworte:
Tags: Tag hinzufügen
Keine Tags, Fügen Sie das erste Tag hinzu!

MARC

LEADER 00000naa a2200000 4500
001 0278832
005 20211123095105.3
041 0 |a slo 
044 |a SK 
245 1 0 |a Právne nástroje eliminovania extrémizmu v Českej republike  |c Matúš Vyrostko 
520 |a Aktuálne opatrenia proti extrémizmu v Českej republike. Právne nástroje eliminovania extrémizmu so zameraním na trestnoprávne normy a štruktúru a dynamiku trestnej činnosti. Trestné činy extrémizmu a z nenávisti v Českej republike. 
610 2 0 |a právo 
610 2 0 |a normy právne 
610 2 0 |a extrémizmus 
610 2 0 |a činy trestné 
610 2 0 |a priestupky 
610 2 0 |a Česko 
100 1 |a Vyrostko, Matúš